000 01006nam0a22002651 4500
001 rc\2985088
005 20250810054319.0
035 _a(NLR Aleph) 007129672
090 _a6946434
_c6946434
100 _a20110911d1943 u y0rusy50 ca
101 0 _arus
102 _aRU
105 _ay z |||||
200 1 _aОценка состояния антитоксической функции печени, как критерии возможности переливания крови при сепсисе
_fпроф. А.Я. Пытель
210 _aСталинград
_cОбл. книгоизд-во
_d1943
215 _a8 с.
_d21 см
300 _aБез тит. л. Описано по обл.
700 1 _aПытель
_bА.Я.
_f1902-1982
_gАнтон Яковлевич
801 0 _aRU
_bNLR
_gpsbo
801 1 _aRU
_bELAR
_2rusmarc
852 _aNLR
_jМд40 Г-4/365
942 _cBOOK
945 _aРоссийская национальная библиотека
980 _aNB
980 _aBV